000 00763nab a22002417a 4500
001 22751
003 HDC
007 cr bn ---aaaaa
008 210128c20140910my ||||| |||| 00| 0 may d
040 _aHDC
100 _aSaadiah Ismail,
_eauthor
_98767
245 0 _aWaspada produk kecantikan beracun /
_cSaadiah Ismail
336 _atext
_2rdacontent
337 _acomputer
_2rdamedia
338 _aonline resource
_2rdacarrier
650 _aBeauty product
_98765
650 _aDrug abuse
_98197
710 _aBerita Harian
856 _zRequest full-text at [email protected]
942 _2lcc
942 _cNEWS
942 _kNWSC 007902
999 _c20067
_d20067